00549nam a2200181 a 450000100060000000300090000600800410001502000150005604000280007108200150009910000320011424500600014626000340020630000100024065000430025065000510029365000230034412949CO-ViMGA141112s2004 ck r 000 u spa d a8432040142 aCO-ViMGAbspacCO-ViMGA04a862 C146da1 aCalderon, de la Barca Pedro10aLa Dama Duende Casa con dos puertas, mala es de guardar aBarcelona : bPlaneta, c1989 a235p.14aCALDERON DE LA BARCA PEDRO'1600 - 168114aCRITICA E INTERPRETACION LITERATURA ESPAÑOLA14aHISTORIA Y CRITICA